| 000 | 00908nam a2200217Ii 4500 | ||
|---|---|---|---|
| 003 | JO-AjNU | ||
| 008 | 230605s9999||||xx |||||||||||||| ||und|| | ||
| 017 | _a1989/26/6 | ||
| 040 |
_aJO-AjNU _bara _erda _cJO-AjNU |
||
| 041 | _aara | ||
| 050 | 1 | 4 | _aGN492.5.J3548 2002 |
| 100 | 3 |
_aتاليف حبيب، جميل إبراهيم ؛ مراجعة عودة، حسن, _eauthor _910260 |
|
| 245 | 0 | 0 | _aالعشائر الزبيدية في العراق ومتفرعاتها والملحقة بها مع اشارة الى صلاتهم بالقحطانيين |
| 250 | _aط1 | ||
| 264 | 3 | 1 | _aدمشق: دار الطليعة الجديدة، 2002 |
| 300 |
_a142ص _bيشتمل على جداول |
||
| 336 |
_atext _btxt _2rdacontent |
||
| 337 |
_aunmediated _bn _2rdamedia |
||
| 338 |
_avolume _bnc _2rdacarrier |
||
| 650 | 4 |
_aالانساب العربية-العراق-القبائل العربية-العراق _910261 |
|
| 999 |
_aA1716 _c5284 _d5284 |
||